00359nam a2200121 a 4500008004100000050001500041100002100056245003900077246004200116260004900158300002100207350000900228120416s1994 ||||||||||||||||| || u aHC 915 Eco aSumaili, Fanuel 10aEconomic development and democracy acritical issues in the third republic aLusakabEconomic Association of Zambiac1994 aii, 145p. : ill. a0.00